[Event "Chioggia op 1st"]
[Site "Chioggia"]
[Date "2006.02.05"]
[Round "6"]
[White "Belloni, Umberto"]
[Black "Colombo, Matteo"]
[Result "1/2-1/2"]
[WhiteElo "1914"]
[BlackElo "1483"]
[PlyCount "32"]
[EventDate "2006.01.28"]
[EventType "swiss"]
[EventRounds "6"]
[EventCountry "ITA"]
[SourceTitle "EXT 2022"]
[Source "ChessBase"]
[SourceDate "2021.10.06"]
[SourceVersion "1"]
[SourceVersionDate "2021.10.06"]
[SourceQuality "1"]

1. e4 c5 2. Nf3 d6 3. d4 cxd4 4. Nxd4 Nf6 5. Bd3 e6 6. 0-0 Be7 7. Qe2 Nbd7 8. c3 0-0 9. Nd2 a6 10. N2f3 Qc7 11. Re1 Ne5 12. Nxe5 dxe5 13. Nf3 b5 14. Bg5 Bb7 15. Rad1 Rfd8 16. Bxf6 Bxf6 1/2-1/2